AH International Schools' Libraries

Yuck! Waste: taking care of your planet / (Record no. 48782)

MARC details
000 -LEADER
fixed length control field 00399nam a22001217a 4500
008 - FIXED-LENGTH DATA ELEMENTS--GENERAL INFORMATION
fixed length control field 250331b |||||||| |||| 00| 0 eng d
020 ## - INTERNATIONAL STANDARD BOOK NUMBER
International Standard Book Number 9780764145469
100 ## - MAIN ENTRY--PERSONAL NAME
Personal name Jimenez, Nuria
9 (RLIN) 75105
245 ## - TITLE STATEMENT
Title Yuck! Waste: taking care of your planet /
Statement of responsibility, etc Nuria & Empar Jimenez
260 ## - PUBLICATION, DISTRIBUTION, ETC. (IMPRINT)
Place of publication, distribution, etc United State and Canada
Name of publisher, distributor, etc B E S Pub Co
Date of publication, distribution, etc 2010
300 ## - PHYSICAL DESCRIPTION
Extent 36 p
Other physical details col. ill.
Dimensions 9.5 x 0.2 x 9.5 inches
942 ## - ADDED ENTRY ELEMENTS (KOHA)
Source of classification or shelving scheme
Koha item type Book
Holdings
Withdrawn status Lost status Source of classification or shelving scheme Damaged status Not for loan Collection code Home library Current library Shelving location Date acquired Full call number Barcode Date last seen Price effective from Koha item type
          Non-Fiction Asian Hope Siem Reap Asian Hope Siem Reap Non Fiction 03/31/2025 363.728 JIM 208189 03/31/2025 03/31/2025 Book

For any Logos Library related questions please contact Miss Art at swongnarasuk@asianhope.org.

For any Asian Hope Library related questions please contact Miss Raza at graza@asianhope.org.

Click here to explore our ebooks!

Powered by Koha